000 00367 a2200157 4500
001 59785
020 _a3789131652
040 _cAnchieta - Pituba
100 _aPearson, Ridley
240 1 0 _aPeter und die Sternenfänger
_lpor
245 1 0 _aPeter und die Sternenfänger
300 _a430
362 0 _a2004
650 4 _aLiteratura juvenil em alemão
942 _cBK
999 _c59785
_d59785